000 00785cab a2200241 4500
001 WB2909-45
008 090401t1993 xxu||||| |||| 00| 0 eng d
035 _a(Sirsi) u63171
041 _aeng
245 _aCase for women surveyors
260 _c1993
350 _a0
490 _aChartered Quantity Surveyor
_v15(7) March 1993, 4(1)
520 _a"The future for women in surveying" (Kingston Polytechnic) highlights the problems women entering into the chartered surveying profession may encounter.
650 _aCAREERS, EDUCATION AND TRAINING
650 _aEQUAL OPPORTUNITIES
650 _aFEMALE SURVEYORS
650 _aRICS
650 _aWOMEN IN SURVEYING
690 _aMANAGEMENT-BUSINESS MANAGEMENT-PROFESSIONAL PRACTICE
942 _n0
948 _c04/03/1997
999 _c39276
_d39276